[Event "South Moravia Region-chT 2223"]
[Site "Czech Republic"]
[Date "2022.10.23"]
[Round "2.7"]
[White "Vojtek, Pavel"]
[Black "Hradek, Matyas"]
[Result "0-1"]
[WhiteElo "1693"]
[BlackElo "1875"]
[PlyCount "106"]
[EventDate "2022.10.09"]
[EventType "team-tourn"]
[EventRounds "11"]
[EventCountry "CZE"]
[SourceTitle "EXT 2024"]
[Source "ChessBase"]
[SourceDate "2023.10.10"]
[SourceVersion "1"]
[SourceVersionDate "2023.10.10"]
[SourceQuality "1"]

1. Nf3 Nf6 2. c4 c5 3. g3 g6 4. Bg2 Bg7 5. d4 cxd4 6. Nxd4 0-0 7. Nc3 d6 8. 0-0 Nbd7 9. e3 Nc5 10. Nb3 Nfd7 11. Nxc5 Nxc5 12. Qc2 Be6 13. Nd5 Rc8 14. Rb1 Nd7 15. Qe2 Nb6 16. Nxb6 Qxb6 17. Bd5 Bxd5 18. cxd5 Rc7 19. e4 Rfc8 20. Be3 Qb4 21. Qd3 a6 22. a3 Qa5 23. Rfc1 Rxc1+ 24. Rxc1 Rxc1+ 25. Bxc1 Qe1+ 26. Qf1 Qxe4 27. Qd1 Qc4 28. b3 Qd4 29. Qxd4 Bxd4 30. Kf1 Kg7 31. Ke2 Kf6 32. f3 Ke5 33. Bg5 f6 34. Bf4+ Kxd5 35. Kd3 e5 36. Bh6 Bc5 37. a4 f5 38. h3 Bd4 39. Bf8 e4+ 40. fxe4+ fxe4+ 41. Ke2 Be5 42. g4 Kd4 43. Bh6 Bf6 44. Bf4 Kd5 45. Ke3 g5 46. Bg3 Be5 47. Be1 Bf4+ 48. Ke2 Ke6 49. h4 h6 50. hxg5 hxg5 51. Bc3 d5 52. Bd4 Be5 53. Be3 Bf6 0-1

[Event "South Moravia Region-chT 2223"]
[Site "Czech Republic"]
[Date "2022.10.09"]
[Round "1.5"]
[White "Hradek, Matyas"]
[Black "Hyrs, Martin"]
[Result "1/2-1/2"]
[WhiteElo "1875"]
[BlackElo "1854"]
[PlyCount "100"]
[EventDate "2022.10.09"]
[EventType "team-tourn"]
[EventRounds "11"]
[EventCountry "CZE"]
[SourceTitle "EXT 2024"]
[Source "ChessBase"]
[SourceDate "2023.10.10"]
[SourceVersion "1"]
[SourceVersionDate "2023.10.10"]
[SourceQuality "1"]

1. e4 e5 2. Nf3 Nf6 3. Nc3 Nc6 4. d4 exd4 5. Nxd4 Bb4 6. Nxc6 bxc6 7. Bd3 d5 8. exd5 cxd5 9. 0-0 0-0 10. Bg5 c6 11. Qf3 Be7 12. h3 Rb8 13. b3 Nd7 14. Bf4 Ra8 15. Ne2 Bf6 16. Rad1 Nc5 17. c4 Nxd3 18. Qxd3 Be6 19. Qc2 Qa5 20. Bd2 Qa6 21. Nf4 dxc4 22. Nxe6 fxe6 23. bxc4 Rab8 24. Rb1 Bd4 25. Rb3 c5 26. Be3 e5 27. Rfb1 Qd6 28. Qe4 Rxb3 29. Rxb3 Bxe3 30. Rxe3 Qd1+ 31. Re1 Qd2 32. Qd5+ Qxd5 33. cxd5 Re8 34. d6 Rd8 35. Rxe5 Rxd6 36. Rxc5 Rd1+ 37. Kh2 Rd2 38. Ra5 Rxf2 39. Rxa7 Rc2 40. a4 Rc3 41. a5 h5 42. Kg1 h4 43. Kf2 Ra3 44. a6 Kh7 45. Ra8 Ra2+ 46. Kf3 Ra4 47. a7 Kg6 48. g3 Ra3+ 49. Kf2 hxg3+ 50. Kg2 Kg5 1/2-1/2

[Event "Stare Mesto op"]
[Site "Stare Mesto"]
[Date "2022.08.12"]
[Round "1"]
[White "Husek, Martin"]
[Black "Hradek, Matyas"]
[Result "1-0"]
[WhiteElo "2192"]
[BlackElo "1901"]
[PlyCount "79"]
[EventDate "2022.08.12"]
[EventType "swiss"]
[EventRounds "9"]
[EventCountry "CZE"]
[SourceTitle "CBM 209 Extra"]
[Source "ChessBase"]
[SourceDate "2022.09.30"]
[SourceVersion "1"]
[SourceVersionDate "2022.09.30"]
[SourceQuality "1"]

1. d4 d5 2. c4 c6 3. Nc3 Nf6 4. cxd5 cxd5 5. Bf4 Nc6 6. e3 a6 7. Bd3 e6 8. Rc1 Bd6 9. Bxd6 Qxd6 10. f4 Bd7 11. Nf3 Ng4 12. Ne5 Nxe3 13. Qe2 Nc4 14. Bxc4 dxc4 15. d5 Nxe5 16. fxe5 Qe7 17. Ne4 0-0 18. d6 Qh4+ 19. Ng3 Rac8 20. Qe3 f5 21. 0-0 Bc6 22. Rf4 Qh6 23. h4 Bd5 24. Rd1 c3 25. bxc3 Rc4 26. Ne2 Rxf4 27. Nxf4 Bc6 28. Qd4 g5 29. hxg5 Qxg5 30. Qf2 Rf7 31. Nxe6 Qg4 32. Rd4 f4 33. Nxf4 Bd7 34. e6 Bxe6 35. Qe3 Bd7 36. Nd5 Qe6 37. Qg5+ Rg7 38. Qd8+ Kf7 39. Rf4+ Kg6 40. Rf6+ 1-0

[Event "Ceske Budejovice op-A"]
[Site "Ceske Budejovice"]
[Date "2022.07.05"]
[Round "5"]
[White "Hradek, Matyas"]
[Black "Kovalskyi, Roman"]
[Result "0-1"]
[WhiteElo "1888"]
[BlackElo "2056"]
[PlyCount "100"]
[EventDate "2022.07.01"]
[EventType "swiss"]
[EventRounds "9"]
[EventCountry "CZE"]
[SourceTitle "CBM 209 Extra"]
[Source "ChessBase"]
[SourceDate "2022.09.30"]
[SourceVersion "1"]
[SourceVersionDate "2022.09.30"]
[SourceQuality "1"]

1. e4 c5 2. Nf3 g6 3. c4 Nc6 4. d4 cxd4 5. Nxd4 Nf6 6. Nc3 d6 7. Be2 Nxd4 8. Qxd4 Bg7 9. Be3 0-0 10. Qd2 a5 11. 0-0 a4 12. Rfc1 Qa5 13. Rab1 Be6 14. b4 axb3 15. axb3 Qb4 16. Qc2 Rfc8 17. Bd2 Qb6 18. Be3 Qb4 19. Bd2 Qb6 20. Be3 Qd8 21. Bf3 Nd7 22. Qd2 Be5 23. Bd4 Bxd4 24. Qxd4 Ne5 25. Be2 Nc6 26. Qe3 Nb4 27. Na4 Ra5 28. Qd2 Na6 29. Nc3 Nb4 30. Na4 Nc6 31. Nc3 Raa8 32. f4 Qb6+ 33. Kh1 Qd4 34. Qe1 Qe3 35. Qf1 f6 36. f5 Bf7 37. fxg6 hxg6 38. Nd5 Bxd5 39. exd5 Ne5 40. Re1 Qd4 41. Red1 Qe3 42. Re1 Qd2 43. Red1 Qb4 44. Qf4 Kg7 45. Rd4 Ra2 46. Qe3 Rh8 47. Rc1 Qc5 48. b4 Rxe2 49. Qxe2 Qxd4 50. c5 Qf4 0-1

[Event "Ceske Budejovice op-A"]
[Site "Ceske Budejovice"]
[Date "2022.07.03"]
[Round "3"]
[White "Hradek, Matyas"]
[Black "Simecek, Bohumil"]
[Result "0-1"]
[WhiteElo "1888"]
[BlackElo "2059"]
[PlyCount "72"]
[EventDate "2022.07.01"]
[EventType "swiss"]
[EventRounds "9"]
[EventCountry "CZE"]
[SourceTitle "CBM 209 Extra"]
[Source "ChessBase"]
[SourceDate "2022.09.30"]
[SourceVersion "1"]
[SourceVersionDate "2022.09.30"]
[SourceQuality "1"]

1. e4 c6 2. d4 d5 3. e5 Bf5 4. h4 h6 5. g4 Bd7 6. Be3 e6 7. Nc3 Qb6 8. Na4 Qc7 9. Nf3 b6 10. Nc3 a6 11. Ne2 c5 12. c3 Nc6 13. Nf4 cxd4 14. cxd4 Bb4+ 15. Bd2 Nge7 16. Bd3 g6 17. Rc1 Qb7 18. Ng2 Rc8 19. Bb1 Bxd2+ 20. Qxd2 Na5 21. Ne3 Bb5 22. b3 0-0 23. h5 Rxc1+ 24. Qxc1 Rc8 25. Qd2 g5 26. Nc2 Qc7 27. Rh3 Nec6 28. Nxg5 Nxe5 29. dxe5 Qxe5+ 30. Qe3 Qb2 31. Qd2 Qxb1+ 32. Qd1 Qxc2 33. Nf3 Qe4+ 34. Kd2 Qd3+ 35. Ke1 Qc3+ 36. Qd2 Qa1+ 0-1

[Event "Stare Mesto op"]
[Site "Stare Mesto"]
[Date "2021.08.20"]
[Round "8"]
[White "Hradek, Matyas"]
[Black "Hurtak, Otto"]
[Result "1/2-1/2"]
[WhiteElo "1645"]
[BlackElo "2015"]
[PlyCount "32"]
[EventDate "2021.08.13"]
[EventType "swiss"]
[EventRounds "9"]
[EventCountry "CZE"]
[SourceTitle "CBM 203 Extra"]
[Source "ChessBase"]
[SourceDate "2021.09.30"]
[SourceVersion "1"]
[SourceVersionDate "2021.09.30"]
[SourceQuality "1"]

1. e4 c5 2. Nf3 g6 3. c4 Nc6 4. d4 cxd4 5. Nxd4 Bg7 6. Be3 Nf6 7. Nc3 Ng4 8. Qxg4 Nxd4 9. Qd1 Ne6 10. Rc1 Qa5 11. f3 b6 12. Qd5 Rb8 13. Qxa5 bxa5 14. b3 Bd4 15. Bxd4 Nxd4 16. Nb5 Nc6 1/2-1/2

[Event "CZE-ch Juniors FIDE op"]
[Site "Kouty nad Desnou"]
[Date "2020.03.09"]
[Round "3"]
[White "Hradek, Matyas"]
[Black "Novotny, David"]
[Result "0-1"]
[WhiteElo "1508"]
[BlackElo "1910"]
[PlyCount "85"]
[EventDate "2020.03.07"]
[EventType "swiss"]
[EventRounds "7"]
[EventCountry "CZE"]
[SourceTitle "CBM 195 Extra"]
[Source "ChessBase"]
[SourceDate "2020.05.31"]
[SourceVersion "1"]
[SourceVersionDate "2020.05.31"]
[SourceQuality "1"]

1. e4 e6 2. d4 d5 3. exd5 exd5 4. Nf3 Bd6 5. Bd3 Nc6 6. c3 Nge7 7. Bg5 f6 8. Bh4 Bf5 9. 0-0 Qd7 10. Re1 0-0-0 11. a4 Ng6 12. Na3 Nf4 13. Bf1 h5 14. Bg3 g5 15. h4 Rhg8 16. Nb5 Nh3+ 17. gxh3 Bxg3 18. fxg3 gxh4 19. Nxh4 a6 20. Qf3 Be4 21. Rxe4 dxe4 22. Qxe4 axb5 23. axb5 Nb8 24. Nf5 Rde8 25. Qf4 Rg5 26. Bd3 Qe6 27. Ng7 Qe3+ 28. Qxe3 Rxe3 29. Bf5+ Rxf5 30. Nxf5 Re2 31. Ra2 c6 32. bxc6 Nxc6 33. Kf1 Rh2 34. h4 Kd7 35. Ng7 Ne7 36. Nxh5 Ke6 37. Nf4+ Kf5 38. Ra5+ Kg4 39. Rb5 Nf5 40. Ke1 Ne3 41. Rxb7 Kf3 42. d5 Rh1+ 43. Kd2 0-1

[Event "CZE-ch Juniors FIDE op"]
[Site "Kouty nad Desnou"]
[Date "2020.03.09"]
[Round "4"]
[White "Vaculik, Martin1111"]
[Black "Hradek, Matyas"]
[Result "1/2-1/2"]
[WhiteElo "1734"]
[BlackElo "1508"]
[PlyCount "37"]
[EventDate "2020.03.07"]
[EventType "swiss"]
[EventRounds "7"]
[EventCountry "CZE"]
[SourceTitle "CBM 195 Extra"]
[Source "ChessBase"]
[SourceDate "2020.05.31"]
[SourceVersion "1"]
[SourceVersionDate "2020.05.31"]
[SourceQuality "1"]

1. d4 d5 2. c4 c6 3. Nf3 Nf6 4. Nc3 e6 5. Bg5 Nbd7 6. e3 h6 7. Bh4 Bd6 8. Bd3 0-0 9. 0-0 Re8 10. e4 dxe4 11. Nxe4 Be7 12. Nc3 c5 13. Bg3 Nh5 14. d5 Nxg3 15. hxg3 Nf6 16. Bc2 exd5 17. cxd5 a6 18. a4 b6 19. Qd3 1/2-1/2